Statistics for All 4-Letter Words Starting with “B”

Click here to take the quiz!

General Stats

  • This quiz has been taken 1,183 times
    (138 since last reset)
  • The average score is 151 of 273

Answer Stats

Word% Correct
ball
90%
bare
89%
bear
88%
beat
86%
bull
86%
base
85%
bell
85%
back
84%
bats
84%
bark
83%
band
82%
bane
82%
bill
82%
burn
82%
babe
81%
bale
81%
beer
81%
bugs
80%
bang
79%
best
79%
bags
78%
bass
78%
bird
78%
baby
77%
bard
77%
barn
77%
bits
77%
bore
77%
brat
77%
book
76%
boot
76%
bean
75%
bite
75%
boom
75%
brew
75%
buns
75%
bust
75%
bads
74%
bank
74%
bate
74%
bead
74%
beam
74%
bail
73%
bans
73%
bars
73%
bees
73%
bend
73%
bent
73%
boat
73%
brag
73%
bash
72%
bath
72%
beef
72%
been
72%
bind
72%
bing
72%
blow
72%
bone
72%
boon
72%
buck
72%
bong
71%
bade
70%
bait
70%
beak
70%
beds
70%
beep
70%
bins
70%
blue
70%
bush
70%
buts
70%
bows
69%
bake
68%
bile
68%
boos
68%
bras
68%
bray
68%
bred
68%
bunk
68%
burp
68%
baas
67%
beet
67%
bets
67%
bowl
67%
bran
67%
brow
67%
barf
66%
boss
66%
brad
66%
bums
66%
bung
66%
bunt
66%
bask
65%
begs
65%
bigs
65%
boar
65%
boll
65%
boor
65%
braw
65%
brim
65%
brit
65%
baba
64%
bast
64%
beck
64%
bogs
64%
bots
64%
beal
63%
belt
63%
born
63%
both
63%
buff
63%
bulk
63%
busy
63%
butt
63%
barm
62%
blew
62%
bole
62%
bolt
62%
brig
62%
buds
62%
buss
62%
bens
61%
bide
61%
bine
61%
boil
61%
bond
61%
bonk
61%
bops
61%
burk
61%
b***
60%
balk
60%
bams
60%
brin
60%
bids
59%
blot
59%
bock
59%
burs
59%
buys
59%
balm
58%
bike
58%
bold
58%
bomb
58%
burl
58%
bach
57%
blip
57%
boys
57%
buzz
57%
bosh
56%
bund
56%
busk
56%
bald
55%
baps
55%
blog
55%
bode
55%
bods
55%
burr
55%
bays
54%
bled
54%
boas
54%
bree
54%
bren
54%
bros
54%
barb
53%
brie
53%
baal
52%
bibs
52%
blat
52%
blob
52%
burd
52%
burg
52%
bury
52%
byte
52%
babu
51%
bawl
51%
birk
51%
bish
51%
blam
51%
bris
51%
bute
51%
biff
50%
bobs
50%
body
50%
bump
50%
bony
49%
bubs
49%
beth
48%
bint
48%
blab
48%
batt
47%
birl
47%
biro
47%
blag
47%
bloc
47%
bilk
46%
bise
46%
blaw
46%
bort
46%
brio
46%
byes
46%
bels
45%
blah
45%
boff
45%
bout
45%
brae
45%
baff
44%
berg
44%
bork
44%
bios
43%
bisk
43%
bulb
43%
bals
42%
boxy
42%
berk
41%
blur
41%
bene
40%
brut
40%
bunn
40%
beta
39%
blub
39%
bosk
38%
burb
38%
birr
37%
blin
37%
bolo
37%
bani
36%
bias
36%
bleb
36%
blet
36%
buoy
36%
bawk
35%
bura
35%
bawd
34%
bidi
34%
bier
34%
beau
33%
bibe
33%
blae
33%
bora
33%
berm
32%
bota
32%
bawn
31%
bogy
31%
bobo
30%
bola
30%
banc
29%
baud
29%
bevy
28%
beys
28%
bice
28%
bozo
28%
buna
28%
bitt
27%
broo
26%
byre
26%
bibb
24%
bazz
23%
boyo
23%
bott
22%
boho
21%
biog
20%
bubu
19%
baht
18%
bima
18%
brux
17%
bubo
17%
bumf
17%
bedu
16%
bema
15%
bize
13%
brrr
10%
buhl
10%
bhut
6%
buhr
6%
byrl
5%

Score Distribution

Percentile by Number Answered

Percent of People with Each Score

Your Score History

You have not taken this quiz since the last reset